00701cam a22002411 4500001001300000003000400013005001700017008004100034010001700075035001900092040001800111042001200129050001500141100003200156245005700188260004700245300003500292490005000327500002500377650001300402650001500415650002900430s 42000013 DLC20260227111912.0790907s1940 nyua l000 0 eng  as 42000013  a(OCoLC)5350099 aDLCcDSIdDLC apremarc00aTS537b.M41 aMayer, Joseph Ralph,d1897-10aCeltic art on Scottish pistols,cby Joseph R. Mayer. aNew York,bThe Armor and arms club,c1940. a8 p. l., 10 p.billus.c25 cm.0 aArmor and arms club, New York. Papers,vno. 1 a"References" : p. 8. 0aPistols. 0aArt, Celt. 0aDecoration and ornament.